| 000 | 00785nam a22002177a 4500 | ||
|---|---|---|---|
| 005 | 20180601112516.0 | ||
| 010 | _aB-694058 | ||
| 020 |
_a9789350142554 _c595.00 |
||
| 035 | _ab-694058 | ||
| 037 | _bRK Books | ||
| 082 | _a621.56 | ||
| 100 | _aRajput, R.K. | ||
| 245 |
_a A textbook of refrigeration and air-conditioning _cR.K.Rajput |
||
| 250 | _a3rd ed. | ||
| 260 |
_aNew Delhi _bS.K.Kataria _c2017 |
||
| 270 |
_a4885/109, Prakash Mahal, Opp. Delhi Medical Association, Daryaganj _bNew Delhi _e110002 |
||
| 300 |
_axx, 902p. _bill. _c25cm. |
||
| 500 | _aInclude Index | ||
| 942 |
_2ddc _cEN _h621.56 _kRAJ |
||
| 999 |
_c152311 _d152311 |
||